La España de Fernando VII / (Record no. 60416)

MARC details
000 -LEADER
fixed length control field 00678cam a2200217 4500
005 - DATE AND TIME OF LATEST TRANSACTION
control field 20160804184947.0
008 - FIXED-LENGTH DATA ELEMENTS--GENERAL INFORMATION
fixed length control field 160804b sp ||||| |||| 00| 0 spa d
020 ## - INTERNATIONAL STANDARD BOOK NUMBER
International Standard Book Number 8423997421
050 04 - LIBRARY OF CONGRESS CALL NUMBER
Classification number DP214
Item number A78 1999
100 1# - MAIN ENTRY--PERSONAL NAME
Personal name Artola, Miguel
245 #3 - TITLE STATEMENT
Title La España de Fernando VII /
Statement of responsibility, etc Miguel Artola ; intr. por Carlos Seco Serrano.
250 ## - EDITION STATEMENT
Edition statement 2 ed.
260 ## - PUBLICATION, DISTRIBUTION, ETC. (IMPRINT)
Place of publication, distribution, etc Madrid :
Name of publisher, distributor, etc Espasa,
Date of publication, distribution, etc 1999
300 ## - PHYSICAL DESCRIPTION
Extent 788 p. ;
Dimensions 22 cm.
490 ## - SERIES STATEMENT
Series statement Espasa e Forum
504 ## - BIBLIOGRAPHY, ETC. NOTE
Bibliography, etc Incluye índice
600 17 - SUBJECT ADDED ENTRY--PERSONAL NAME
Source of heading or term LEMB
Personal name Fernando VII
Titles and other words associated with a name Rey de España
Dates associated with a name 1784-1833.
651 #7 - SUBJECT ADDED ENTRY--GEOGRAPHIC NAME
Source of heading or term LEMB
Geographic name España
General subdivision Historia
Chronological subdivision Fernando VII 1813-1833
700 1# - ADDED ENTRY--PERSONAL NAME
Personal name Seco Serrano, Carlos,
Relator term introd.
942 ## - ADDED ENTRY ELEMENTS (KOHA)
Source of classification or shelving scheme Biblioteca del Cogreso de los Estados Unidos
Koha item type Libro
Holdings
Estado de pérdida Fuente de clasificación Estado del daño No para préstamo Ubicación permanente Ubicación actual Apartado o colección Fecha de adquisición Edición Dependencia de educación superior (DES) Área del conocimiento Clasificación Código de Barras Date last seen Número de copia Tipo de recurso Nota pública
  Biblioteca del Cogreso de los Estados Unidos     Biblioteca del Instituto de Investigaciones Históricas Biblioteca del Instituto de Investigaciones Históricas General 04/08/2016 2a ed. Humanidades Educación y Humanidades DP214 A78 1999 IIH000016711 04/08/2016 C: 1 Libro GENERAL